Mandrel lubricants for automotive hoses-Application and chemistry (Record no. 62473)

MARC details
000 -LEADER
fixed length control field 00413nam a2200157Ia 4500
100 ## - MAIN ENTRY--AUTHOR NAME
Personal name Umland H
245 #0 - TITLE STATEMENT
Title Mandrel lubricants for automotive hoses-Application and chemistry
260 ## - PUBLICATION, DISTRIBUTION, ETC. (IMPRINT)
Name of publisher Kautschuk Gummi Kunststoffe
Year of publication 2001
300 ## - PHYSICAL DESCRIPTION
Number of Pages 172-176
650 ## - SUBJECT ADDED ENTRY--TOPICAL TERM
Topical Term Hose
650 ## - SUBJECT ADDED ENTRY--TOPICAL TERM
Topical Term Lubricant
650 ## - SUBJECT ADDED ENTRY--TOPICAL TERM
Topical Term Mandrel
650 ## - SUBJECT ADDED ENTRY--TOPICAL TERM
Topical Term Patitioning agent
942 ## - ADDED ENTRY ELEMENTS (KOHA)
Koha item type Journals
Holdings
Withdrawn status Lost status Damaged status Not for loan Home library Current library Shelving location Date acquired Serial Enumeration / chronology Koha item type
      Journals RRII Library RRII Library Rubber chemistry 17/12/2021 Volume 54, Issue 4 Journals